<?xml version="1.0" encoding="UTF-8"?>
<marc:record xmlns:marc="http://www.loc.gov/MARC21/slim">
   <marc:leader>00000nam a2200000 a 4500</marc:leader>
   <marc:datafield ind1="1" ind2=" " tag="100">
      <marc:subfield code="a">Lucas, Fiona</marc:subfield>
      <marc:subfield code="4">aut</marc:subfield>
      <marc:subfield code="e">Verfasser/-in</marc:subfield>
   </marc:datafield>
   <marc:datafield ind1=" " ind2=" " tag="653">
      <marc:subfield code="a">Erzählende Literatur</marc:subfield>
   </marc:datafield>
   <marc:datafield ind1="0" ind2="0" tag="245">
      <marc:subfield code="a">Die Sammlerin der Erinnerungen</marc:subfield>
   </marc:datafield>
   <marc:datafield ind1="0" ind2="0" tag="245">
      <marc:subfield code="b">Roman | Eine ergreifende und ermutigende Geschichte</marc:subfield>
   </marc:datafield>
   <marc:datafield ind1="0" ind2="0" tag="245">
      <marc:subfield code="c">Lucas, Fiona</marc:subfield>
   </marc:datafield>
   <marc:datafield ind1=" " ind2="1" tag="264">
      <marc:subfield code="a">Berlin</marc:subfield>
      <marc:subfield code="b">Insel Verlag</marc:subfield>
      <marc:subfield code="c">2024</marc:subfield>
   </marc:datafield>
   <marc:datafield ind1=" " ind2=" " tag="250">
      <marc:subfield code="a">Deutsche Erstausgabe</marc:subfield>
   </marc:datafield>
   <marc:datafield ind1="1" ind2=" " tag="520">
      <marc:subfield code="a">Ein verschlossenes Zimmer, ein Haufen Erbstücke und vergessene Erinnerungen &#xD;
&#xD;
Heather, Archivarin Anfang 30, versucht alles, um nicht so zu werden wie ihre Mutter: Ihre Wohnung ist hell, sauber, minimalistisch eingerichtet. Wäre da nicht dieses Zimmer, in dem sie die »Erbstücke« ihrer Mutter weggeschlossen hat – und diese Kommode, in der Heathers ganz eigene Sammlung stetig wächst … Bis die Folgen eines Wasserrohrbruchs sie dazu zwingen, sich nicht nur mit den Gegenständen in diesem Zimmer, sondern auch mit ihrer Kindheit auseinanderzusetzen, an die sie sich nur bruchstückhaft erinnert: vor allem an die Tage am Meer mit der Frau im roten Mantel. Zusammen mit ihrer Schwester Faith und ihrem Nachbarn Jason taucht Heather mit jeder Hinterlassenschaft tiefer in ihre Vergangenheit ein und kommt dabei einem dramatischen Familiengeheimnis auf die Spur …</marc:subfield>
   </marc:datafield>
   <marc:datafield ind1=" " ind2=" " tag="020">
      <marc:subfield code="a">9783458683179</marc:subfield>
      <marc:subfield code="9">9783458683179</marc:subfield>
   </marc:datafield>
   <marc:datafield ind1=" " ind2=" " tag="020">
      <marc:subfield code="a">3458683178</marc:subfield>
      <marc:subfield code="9">3458683178</marc:subfield>
   </marc:datafield>
   <marc:datafield ind1=" " ind2=" " tag="041">
      <marc:subfield code="a">ger</marc:subfield>
   </marc:datafield>
   <marc:datafield ind1=" " ind2=" " tag="338">
      <marc:subfield code="a">Band</marc:subfield>
   </marc:datafield>
   <marc:datafield ind1=" " ind2=" " tag="300">
      <marc:subfield code="a">378 Seiten</marc:subfield>
   </marc:datafield>
</marc:record>
